000 01252nam a22003497a 4500
003 CHAP
005 20220329143659.0
008 110114s1985 mx a r 00010 spa d
010 _a100246
011 _a101218
020 _a9681818822
035 _a111905
040 _cCHAP
082 0 4 _a661.8
_bW78
100 1 _aWittcoff, Harold A.
_9122379
245 1 0 _aProductos químicos orgánicos industriales
_c/por Harold A. Wittcoff y Bryan G. Reuben
260 _aMéxico, D. F. :
_bLIMUSA,
_c1985
300 _a2 v. :
_bilus., gráfs., tablas
500 _aLa bilioteca tiene : v.1 Materias primas y fabricación
534 _pTít. original
_tIndustrial organic chemicals in perspective, Part. 1 : Raw materials and manufacture
_cUSA : John Wiley & Sons Inc.
590 _aBATCH-UPD
_b10
_c20130110
_lUCH01
_h1100
590 _aBATCH-UPD
_b10
_c20130410
_lUCH01
_h0653
590 _aBATCH-UPD
_b10
_c20130914
_lUCH01
_h1636
590 _aCONVERSION
_b10
_c20130109
_lUCH01
_h1355
650 1 4 _aIndustria química.
_957914
650 1 4 _aProductos químicos.
_992217
700 1 _aReuben, Bryan G.
_996201
901 _aBK
911 _aen proceso
942 _cLIBRO
949 _a661.8 W78
_bBC
_cLIBRO
_d33724002230017
_eLIBRO
_fv.1
_h14003
_i111905
_sb
999 _c100246
_d100246